| 000 | 01290cam a22003495a 4500 | ||
|---|---|---|---|
| 001 | 15933169 | ||
| 003 | OSt | ||
| 005 | 20140310182944.0 | ||
| 008 | 091006s2009 ph a b f000 0 eng | ||
| 010 | _a 2009316884 | ||
| 020 | _a9789719443605 | ||
| 040 |
_aDLC _cDLC |
||
| 042 | _alcode | ||
| 043 | _aa-ph--- | ||
| 050 |
_aDS689 _b.C563 2008 |
||
| 082 |
_2FIL 959.916 _bC565 2008 |
||
| 245 | 0 | 0 |
_aManila _bselected papers on the 17th Annual Manila Studies Conference, August 13-14, 2008 / _cChurchill, Bernardita Reyes |
| 246 | 3 | 0 | _aSelected papers on the 17th Annual Manila Studies Conference, August 13-14, 2008 |
| 260 |
_aDiliman, Quezon City, Philippines _bManila Studies Association _aManila _bNational Commission for Culture and the Arts _cc2009 |
||
| 300 |
_a219 p. _bill. ; _c23 cm. |
||
| 504 | _aIncludes bibliographical references. | ||
| 521 | _aCollege Student | ||
| 526 | _c1210L-1700L | ||
| 541 | _j1 | ||
| 562 | _eFor circulation. 1 copy available in the collection | ||
| 700 | 1 | _aChurchill, Bernardita Reyes. | |
| 710 | 2 | _aManila Studies Association. | |
| 710 | 2 | _aNational Commission on Culture and the Arts (Philippines) | |
| 906 |
_a7 _bibc _corigode _d3 _encip _f20 _gy-gencatlg |
||
| 942 |
_2lcc _cBK _kFIL |
||
| 999 |
_c17784 _d17784 |
||